Decorated pottery in Cyprus and Philistia in the 12th century BC : (Registro nro. 30652)

Detalles MARC
000 -LEADER
campo de control de longitud fija 02831cam a22005054i 4500
003 - IDENTIFICADOR DE NÚMERO DE CONTROL
campo de control PE-LiUPU
005 - FECHA Y HORA DE LA ÚLTIMA TRANSACCIÓN
campo de control 20250731183414.0
008 - DATOS DE LONGITUD FIJA--INFORMACIÓN GENERAL
campo de control de longitud fija 181228s2018 au r 001 0 eng d
020 ## - NÚMERO INTERNACIONAL ESTÁNDAR DEL LIBRO
Número Internacional Estándar del Libro 3700179553
Información calificativa (volumen 1)
020 ## - NÚMERO INTERNACIONAL ESTÁNDAR DEL LIBRO
Número Internacional Estándar del Libro 9783700179559
Información calificativa (volumen 1)
020 ## - NÚMERO INTERNACIONAL ESTÁNDAR DEL LIBRO
Número Internacional Estándar del Libro 3700179553
Información calificativa (volumen 2)
020 ## - NÚMERO INTERNACIONAL ESTÁNDAR DEL LIBRO
Número Internacional Estándar del Libro 9783700179559
Información calificativa (volumen 2)
035 ## - NÚMERO DE CONTROL DEL SISTEMA
Número de control de sistema (Sirsi) a251226
040 ## - FUENTE DE CATALOGACIÓN
Centro catalogador/agencia de origen PE-LiUPU
Lengua de catalogación spa
Centro/agencia transcriptor PE-LiUPU
Normas de descripción rda
049 ## - FONDOS LOCALES (OCLC)
Biblioteca depositaria PRUA
082 04 - NÚMERO DE LA CLASIFICACIÓN DECIMAL DEWEY
Número de clasificación 738.3093937
Cutter M69
Número de edición 23
100 1# - ENTRADA PRINCIPAL--NOMBRE DE PERSONA
Nombre de persona Mountjoy, Penelope A.,
Término indicativo de función/relación autor.
245 10 - MENCIÓN DEL TÍTULO
Título Decorated pottery in Cyprus and Philistia in the 12th century BC :
Resto del título Cypriot IIIC and Philistine IIIC /
Mención de responsabilidad, etc. P.A. Mountjoy.
264 #1 - PRODUCCIÓN, PUBLICACIÓN, DISTRIBUCIÓN, FABRICACIÓN Y COPYRIGHT
Producción, publicación, distribución, fabricación y copyright Vienna :
Nombre del de productor, editor, distribuidor, fabricante Verlag der Österreichischen Akademie der Wissenschaften,
Fecha de producción, publicación, distribución, fabricación o copyright [2018].
300 ## - DESCRIPCIÓN FÍSICA
Extensión 2 volúmenes ;
Dimensiones 31 centímetros.
336 ## - TIPO DE CONTENIDO
Término de tipo de contenido text
Fuente rdacontent
337 ## - TIPO DE MEDIO
Nombre/término del tipo de medio unmediated
Fuente rdamedia
338 ## - TIPO DE SOPORTE
Nombre/término del tipo de soporte volume
Fuente rdacarrier
490 0# - MENCIÓN DE SERIE
Mención de serie Contributions to the chronology of the Eastern Mediterranean ;
Designación de volumen o secuencia volume XXXVI
490 0# - MENCIÓN DE SERIE
Mención de serie Österreichische Akademie der Wissenschaften. Denkschriften der Gesamtakademie ;
Designación de volumen o secuencia Band LXXIX
504 ## - NOTA DE BIBLIOGRAFÍA, ETC.
Nota de bibliografía, etc. Bibliografía: páginas 1273-1287.
505 0# - NOTA DE CONTENIDO CON FORMATO
Nota de contenido con formato Volumen I -- Cyprus -- The Levanto-Helladic shapes -- The simple style -- The rude or pastoral style -- Towards a pan-island bowl typology -- Enkomi -- Sinda -- Athienou: Bamboulari tis Koukkouninnas -- Idalion -- Pyla: Kokkinokremos -- Pyla: Verghi -- Kition.
505 0# - NOTA DE CONTENIDO CON FORMATO
Nota de contenido con formato Volumen II --Ha la Sultan Tekke -- Kalavasos: Ay.Dhimitrios -- Alassa: Pano Mandilaris -- Kourion: Bamboula --Kourion: Kaloriziki -- Kouklia: Palaepaphos -- Maa: Palaeokastro -- Apliki: Karamallos -- Toumba tou Skourou -- Myrtou: Pigadhes -- Supplementary examples of ceramic types from other locations -- Local types -- Enkomi : local and Aegean-style types -- Other sites : local and Aegean-style types -- Ekron (Tel Miqne) -- Ashdod -- Ashkelon -- Bethshean : the late Cypriot IIIC imports -- Cyprus and Philistia.
526 ## - NOTA DE INFORMACIÓN SOBRE EL PROGRAMA DE ESTUDIO
Nombre del programa Maestría Bim Facility Management (A distancia)
526 ## - NOTA DE INFORMACIÓN SOBRE EL PROGRAMA DE ESTUDIO
Nombre del programa
526 ## - NOTA DE INFORMACIÓN SOBRE EL PROGRAMA DE ESTUDIO
Nombre del programa Educación musical y artes
526 ## - NOTA DE INFORMACIÓN SOBRE EL PROGRAMA DE ESTUDIO
Nombre del programa Educación, especialidad educación física
526 ## - NOTA DE INFORMACIÓN SOBRE EL PROGRAMA DE ESTUDIO
Nombre del programa Arquitectura
596 ## -
-- 1
650 #0 - PUNTO DE ACCESO ADICIONAL DE MATERIA--TÉRMINO DE MATERIA
Término de materia o nombre geográfico como elemento de entrada Edad de hierro
Subdivisión geográfica Palestina.
650 #0 - PUNTO DE ACCESO ADICIONAL DE MATERIA--TÉRMINO DE MATERIA
Término de materia o nombre geográfico como elemento de entrada Edad del hierro
Subdivisión geográfica Chipre.
650 #0 - PUNTO DE ACCESO ADICIONAL DE MATERIA--TÉRMINO DE MATERIA
Término de materia o nombre geográfico como elemento de entrada La alfarería, chipriota.
650 #0 - PUNTO DE ACCESO ADICIONAL DE MATERIA--TÉRMINO DE MATERIA
Término de materia o nombre geográfico como elemento de entrada La alfarería, el filisteo.
910 ## - DATOS DE OPCIÓN DEL USUARIO (OCLC)
Datos de opción del usuario dbm
-- rri
-- rri
-- 20181228
942 ## - ELEMENTOS DE ENTRADA SECUNDARIOS (KOHA)
Fuente del sistema de clasificación o colocación Clasificación Decimal Dewey
Tipo de ítem Koha
994 ## -
-- C0
-- PEPRU
999 ## - NÚMEROS DE CONTROL DE SISTEMA (KOHA)
-- DEWEY
-- 79399
-- 2021-11-11
-- 4
-- CCODEBUL1
-- BUL
-- 174.00
-- 0
-- Y
-- BOOK
-- 2018-12-28
-- TEOLOGIA
-- P85
-- COMPRA
-- FCOMPR2
-- .STAFF. Colección Teología
999 ## - NÚMEROS DE CONTROL DE SISTEMA (KOHA)
-- DEWEY
-- 79400
-- 2021-11-11
-- 4
-- CCODEBUL1
-- BUL
-- 174.00
-- 0
-- Y
-- BOOK
-- 2018-12-28
-- TEOLOGIA
-- P85
-- COMPRA
-- FCOMPR2
-- .STAFF. Colección Teología
980 ## - EQUIVALENCIA O REFERENCIA-CRUZADA-MENCIÓN DE SERIE--NOMBRE DE PERSONA/TÍTULO [LOCAL, CANADÁ]
ID del último usuario que modificó el registro 1
Nombre del último usuario que modificó el registro ALBERTO SANCHEZ Responsable de Automatización
Existencias
Visto por última vez Número de inventario Total de préstamos Signatura topográfica completa Código de barras Copia número Coste, precio de reemplazo Fecha de reemplazo Facultad Tipo de ítem Koha Nota pública Estado de pérdida Fuente del sistema de clasificación o colocación Restricciones de uso No para préstamo Colección Programa académico Biblioteca de origen Biblioteca actual Ubicación en estantería Fecha de adquisición Fuente de adquisición Coste, precio normal de compra
2025-12-02 5   738.3093937 M69 Z1 79399 e1 179.00 2018-12-28   Libros físicos inventario-2023-12-13 No Perdido Clasificación Decimal Dewey No restringido Disponible para préstamos Colección General Maestría en teología Biblioteca CRAI UPeU Lima Biblioteca CRAI UPeU Lima Sala principal 2018-12-28 COMPRA 174.00
2025-12-02 5   738.3093937 M69 Z2 79400 e1 179.00 2018-12-28   Libros físicos inventario-2023-12-13 No Perdido Clasificación Decimal Dewey No restringido Disponible para préstamos Colección General Maestría en teología Biblioteca CRAI UPeU Lima Biblioteca CRAI UPeU Lima Sala principal 2018-12-28 COMPRA 174.00